Drevený kostol v Hervaltove

Bibliographic Details
Main Author: Čelko, F. (Author)
Format: Article
Language:Slovak
Subjects:

MARC

LEADER 00000nab a22000001a 4500
001 vtls008997865
003 SK-MaSNL
005 20260303065823.0
008 070611d1930 xo |r|p|||| |000 b|slo
015 |a SNBRRBVU1918-1938 
038 |a SNKBUCL 
038 |a SNKBUVU 
040 |a SNKBUVU  |b slo  |c SNKBUCL  |e AACR2 
041 0 |a slo 
044 |a xo  |c SK 
080 |a 75.05:741/744  |2 1997 
080 |a 741/744  |2 1997 
100 1 |a Čelko, F.  |4 aut  |9 1066398 
245 1 0 |a Drevený kostol v Hervaltove  |c F. Čelko 
650 0 7 |a slovenské maliarstvo  |2 MM  |9 3124 
650 0 7 |a kresby  |2 MM  |9 30084 
655 7 |a reprodukcie výtvarných diel  |2 MM  |9 310790 
773 0 |t Priateľ dietok  |g Roč. 6, č. 10 (1930/31), s. 182 
852 |a SNK  |b KIS3GCP 
910 |a snkrbvumm 
958 |a VY 
999 |c 1752852  |d 1754782